000 00868ntm a22002297a 4500
005 20170813160517.0
008 170802s2014 xx a frb 000 0 eng d
040 _aEG-ScBUE
_beng
_cEG-ScBUE
082 0 4 _222
_a624
_bMAH
100 1 _aMahrous, Amgad Alaa Eidin Naeem.
245 1 0 _aEffect of vertical reinforcement ratio on response modification factor under dynamic loading /
_bAmgad Alaa Eidin Naeem Mahrous.
260 _c2014.
300 _a69 p. :
_bill. (col.) ;
_c28 cm.
500 _aA dissertation submitted to the faculty of engineering. the british univeresity in egypt in partial fulfillment of the requirements for the bachelor deree in civil engineering
590 _anagwa
650 7 _2BUEsh
_aCivil Engineering
_vProjects
653 _bENGCIV
_cAugust2017
655 _vSPRO
700 1 _eths
_aShedid, Marwan.
777 _ASPRO
942 _2ddc
999 _c25160
_d25132